| 000 | 01513cam a22003495i 4500 | ||
|---|---|---|---|
| 999 |
_c26960 _d26932 |
||
| 001 | 19140887 | ||
| 003 | EG-ScBUE | ||
| 005 | 20200209121414.0 | ||
| 008 | 160617t20182018nyua f b 001 0 eng d | ||
| 020 | _a9781259693557 (alk. paper) | ||
| 020 | _a1259693554 (alk. paper) | ||
| 040 |
_aDLC _beng _erda _cDLC _dEG-ScBUE _dEG-ScBUE |
||
| 082 | 0 | 4 |
_a808.042 _bHOW _222 |
| 100 | 1 |
_aHoward, Rebecca Moore, _eauthor. _941912 |
|
| 245 | 1 | 0 |
_aWriting matters : _ba handbook for writing and research / _cRebecca Moore Howard, Syracuse University. |
| 250 | _aThird edition. | ||
| 264 | 1 |
_aNew York : _bMcGraw-Hill Education, _c[2018] |
|
| 264 | 4 | _cc2018 | |
| 300 |
_axxxix, 137 pages : _billustrations ; _c24 cm |
||
| 336 |
_atext _btxt _2rdacontent |
||
| 337 |
_aunmediated _bn _2rdamedia |
||
| 338 |
_avolume _bnc _2rdacarrier |
||
| 504 | _aIncludes bibliographical references and index. | ||
| 505 | 0 | _aWriting matters -- Reasoning matters -- Media matters -- Research matters -- Documentation matters -- Genre matters -- Style matters -- Grammar matters -- Language matters -- Detail matters. | |
| 520 | _a"Writing Matters unites research, reasoning, documentation, grammar and style in a cohesive whole, helping students see the conventions of writing as a network of responsibilities writers have to other writers." | ||
| 650 | 7 |
_aEnglish language _xRhetoric. _2BUEsh |
|
| 650 | 7 |
_aReport writing. _2BUEsh |
|
| 651 | _2BUEsh | ||
| 653 |
_bHHUUEENN _cNovember2018 |
||
| 655 | _vReading book | ||
| 942 |
_2ddc _cBB |
||